40 sélections avec l'équipe de France_Mort Subite (difficile) - Statistiques

Statistiques générales
  • Ce quiz a été pris 96 fois
  • Le résultat moyen est 3 sur 15
Answers on the Grid
Answers color-coded by a green-red scale on the quiz's grid according to % correct below.
Adil Rami
Adrien Rabiot*
Alain Roche
Alou Diarra
André-Pierre Gignac
Anthony Martial
Aurélien Tchouaméni*
Bacary Sagna
Basile Boli
Bernard Lacombe
Bernard Lama
Dimitri Payet
Djibril Cissé
Grégory Coupet
Jean-Alain Boumsong
Jérémy Toulalan
Laurent Koscielny
Lucas Digne
Mamadou Sakho
Mathieu Debuchy
Mathieu Valbuena
Moussa Sissoko
Philippe Mexès
Presnel Kimpembe
Samir Nasri
Samuel Umtiti
Sidney Govou
Steve Mandanda
Willy Sagnol
Yohan Cabaye
 
Statistiques - réponses
Réponse % Correct
56 matches Adrien Rabiot*
60%
43 matches Aurélien Tchouaméni*
49%
51 matches Laurent Koscielny
39%
71 matches Moussa Sissoko
28%
55 matches Lucas Digne
26%
52 matches Mathieu Valbuena
25%
65 matches Bacary Sagna
23%
58 matches Willy Sagnol
21%
44 matches Bernard Lama
11%
44 matches Alou Diarra
7%
45 matches Basile Boli
7%
41 matches Samir Nasri
7%
41 matches Djibril Cissé
5%
49 matches Sidney Govou
5%
48 matches Yohan Cabaye
4%
Aucun quiz correspondant
Distribution des résultats
% des personnes avec chaque résultat
Percentile par nombre de réponses
Votre historique - résultats
Vous n’avez pas pris ce quiz